000 00623nam a2200205 4500
001 122926
003 ES-MaACL
005 20230906192053.0
007 t|
008 070214s1977 sp r ||||0| spa d
245 0 0 _aPunk /
_cfotografías de Salvador Costa ; introducción de Jordi Vargas.
260 _aBarcelona :
_bProducciones Editoriales,
_c1977.
300 _a96 p., 44 lám :
_bil ;
_c30 cm.
490 1 _aSpecial star book
700 1 _aCosta, Salvador.
_941077
700 1 _aVargas, Jordi.
_9113195
830 0 _aSpecial star book
_9218889
852 _aES-MaACL
_jA-7990
_bR.97191
999 _c122926
_d122926